| 000 | 00759nam a2200253Ia 4500 | ||
|---|---|---|---|
| 005 | 20230822115000.0 | ||
| 008 | 131103s9999 xx 000 0 und d | ||
| 020 | _a192829343 | ||
| 040 | _aLoreto College | ||
| 041 | _aEnglish | ||
| 082 |
_a200 _b FRA |
||
| 100 | _aFrazer,James George | ||
| 245 | 4 |
_aThe Golden Bough _b a study in magic and religion _cJames George Frazer;edited with an introduction by Robert Fraser |
|
| 250 | _a3rd ed. | ||
| 260 |
_aLondon _bOxford University Press _c1994 |
||
| 300 | _axIix,858 p. | ||
| 440 | _aThe World's Classics | ||
| 504 | _aIncludes bibliographical references and index | ||
| 650 | _aReligion and Magic | ||
| 651 | _aMagic and Religion | ||
| 700 | _aFraser,Robert | ||
| 850 | _aLCLIB | ||
| 942 | _cBK | ||
| 999 |
_c13448 _d63927 |
||